Sports Quiz

Random Sports or Baseball Quiz

MLB Top 10 AL MVP Voting Since 2000 Quiz Stats

 Plays Quiz Updated Nov 14, 2019

Score 0/200 Timer 10:00
11 Plays Today
% Correct
Mike Trout
97.3%
Chone Figgins/Alex Rodriguez
96%
Alex Rodriguez
96%
Alex Rodriguez
96%
Alex Rodriguez
96%
Alex Rodriguez
96%
Alex Rodriguez
96%
Alex Rodriguez
96%
Alex Rodriguez
96%
Ivan Rodriguez
95.3%
Francisco Rodriguez
95.1%
Derek Jeter
94.9%
Derek Jeter
94.9%
Derek Jeter
94.9%
Derek Jeter
94.9%
Derek Jeter
94.9%
Derek Jeter
94.7%
Mike Trout
93.3%
Mike Trout
92.6%
Mike Trout
92.4%
Mike Trout
92.3%
David Ortiz
90.6%
David Ortiz
90.6%
David Ortiz
90.6%
David Ortiz
90.6%
David Ortiz
90.6%
Miguel Cabrera
90.6%
Miguel Cabrera
90.4%
Mike Trout
90.3%
David Ortiz
90.2%
Miguel Cabrera
90.1%
Miguel Cabrera
90.1%
Miguel Cabrera
90.1%
Miguel Cabrera
89.8%
Mike Trout
88.2%
David Ortiz
88.1%
Mike Trout
87.8%
Mookie Betts
87%
Miguel Cabrera
86.8%
Jose Ramirez
85.3%
Manny Ramirez
85.3%
Manny Ramirez
85.3%
Manny Ramirez
85.3%
Manny Ramirez
85.3%
Manny Ramirez
85.3%
Manny Ramirez
85.3%
J.D. Martinez
84.3%
José Ramírez
84.2%
Mookie Betts
83.3%
Jose Altuve
83.2%
Justin Verlander
82.3%
Alex Bregman
80.9%
Justin Verlander
80.8%
Victor Martinez
80.7%
Justin Verlander
79.9%
Pedro Martinez
79.5%
Victor Martinez
79.4%
Edgar Martinez
79.3%
Josh Hamilton
77.1%
Josh Hamilton
77.1%
Dustin Pedroia
77.1%
Dustin Pedroia
77.1%
Dustin Pedroia
75.9%
Joe Mauer
75.7%
Joe Mauer
75.7%
Joe Mauer
75.7%
Joe Mauer
75.7%
% Correct
Josh Hamilton
75.6%
Mookie Betts
73.8%
Jose Bautista
72.2%
Ichiro Suzuki
71.6%
Ichiro Suzuki
71.6%
Ichiro Suzuki
71.6%
Ichiro Suzuki
71.6%
Jason Giambi
71.6%
Jason Giambi
71.6%
Jason Giambi
71.5%
Josh Donaldson
71.4%
Aaron Judge
70.6%
Jose Altuve
70.5%
Justin Morneau
70.3%
Justin Morneau
70.3%
Josh Donaldson
70%
Jose Bautista
68.8%
Khris Davis
68.7%
Robinson Cano
67.6%
Robinson Cano
67.6%
Jose Altuve
66.8%
Jose Bautista
66.6%
Jose Bautista
66.6%
Evan Longoria
66.5%
Evan Longoria
66.5%
Robinson Cano
66.5%
Robinson Cano
66.5%
George Springer
66.5%
Robinson Cano
66.1%
Robinson Cano
66%
Evan Longoria
66%
Frank Thomas
65.4%
Frank Thomas
65.4%
Adam Jones
64.5%
Miguel Tejada
64.2%
Miguel Tejada
64.2%
Mookie Betts
64%
Nelson Cruz
63.9%
Adrian Beltre
63%
Chris Davis
62.6%
Adrian Beltre
61.8%
Jim Thome
61%
Jim Thome
61%
Mark Teixeira
60.8%
Mark Teixeira
60.8%
Paul Konerko
60.4%
Paul Konerko
60.4%
Vladimir Guerrero
58.9%
Vladimir Guerrero
58.9%
Vladimir Guerrero
58.9%
Vladimir Guerrero
58.9%
Roger Clemens
58.5%
Bernie Williams
57.7%
Josh Donaldson
57.7%
Jorge Posada
57.2%
Jorge Posada
57.2%
Juan Gonzalez
57.2%
Adrian Gonzalez
57.2%
Adrian Beltre
57.1%
Mariano Rivera
56.9%
Mariano Rivera
56.9%
Adrian Beltre
56.8%
Francisco Lindor
56.7%
Adrian Beltre
56.7%
Prince Fielder
56%
Francisco Lindor
55.2%
Gerrit Cole
54.2%
% Correct
Nelson Cruz
52.5%
Manny Machado
52.1%
Manny Machado
51.8%
Michael Young
51%
Michael Young
51%
Josh Donaldson
50.8%
Delmon Young
50.8%
Nelson Cruz
50.8%
Jacoby Ellsbury
50.1%
Garret Anderson
49.5%
Alex Bregman
47.6%
Nelson Cruz
47.3%
Magglio Ordoñez
46.4%
Magglio Ordoñez
46.4%
Xander Bogaerts
46.1%
Felix Hernandez
45.3%
Matt Chapman
45.1%
Torii Hunter
44.6%
Carlos Delgado
44.4%
Carlos Delgado
44.4%
Jermaine Dye
44%
Carlos Beltran
43.8%
Nomar Garciaparra
43.7%
Nomar Garciaparra
43.7%
David Price
43.6%
Chris Sale
43.3%
Francisco Lindor
43.2%
Marcus Semien
43.1%
Johan Santana
41.8%
Johan Santana
41.8%
Curtis Granderson
40.9%
Curtis Granderson
40.9%
Carl Crawford
40.3%
Carlos Peña
40.1%
Carlos Peña
40.1%
DJ LeMahieu
40%
Vernon Wells
39.9%
Corey Kluber
39.1%
Alfonso Soriano
38.9%
Jose Abreu
37.5%
Travis Hafner
37.3%
Travis Hafner
37.3%
Bret Boone
36.9%
Bret Boone
36.9%
Grady Sizemore
36.9%
Lorenzo Cain
35.7%
Gary Sheffield
35.3%
Gary Sheffield
35.3%
Kevin Youkilis
34.7%
Kevin Youkilis
34.7%
Manny Machado
33.3%
Matt Chapman
31.2%
Roberto Alomar
28%
Mike Lowell
26.5%
Michael Brantley
23.2%
Darin Erstad
22.5%
Blake Snell
22.1%
Ben Zobrist
22%
Dallas Keuchel
20%
Jason Bay
18.6%
Yoenis Céspedes
16.2%
Andrelton Simmons
14.9%
Carlos Guillen
13.9%
Kendrys Morales
13.7%
Carlos Quentin
12.5%
Shannon Stewart
10.9%

You're not logged in!

Compare scores with friends on all Sporcle quizzes.
OR
Log In

Sporcle TV

Today on Sporcle TV


Watch our educational content, quiz creation guides, and fun videos on Sporcle TV.

Show Comments

Extras

Top Quizzes Today


Score Distribution

Your Account Isn't Verified!

In order to create a playlist on Sporcle, you need to verify the email address you used during registration. Go to your Sporcle Settings to finish the process.

Report this User

Report this user for behavior that violates our Community Guidelines.

Details: